000 00425nam a2200181Ia 4500
001 3983
005 20260306145723.0
008 260306t2017||||xx |||||||||||||| ||spa||
041 _aESP
082 _a306.09
_bA32
100 _aAguirre, Patricia
_eAUT
245 0 _aUna historia social de la comida
260 _c2017
300 _a375 páginas :
_c22 cm.
650 _aGEN
654 _aCHU
942 _cLIB
_dJUS
_fJUS
_2ddc
_n
999 _c3983
_d3983